Techniky manažmentu inovácií

Príspevok hodnotí a navrhuje konkrétne riešenia pre hospodársku oblasť v oblasti inovačného správania a reinžinieringu slovenských podnikov a poskytuje základné poznatky z teórie inovačných procesov, popisuje prístupy k riadeniu tvorby a realizácii inovácií s poukázaním na nové formy - nástroje a te...

Full description

Saved in:
Bibliographic Details
Main Author: Ferencz, Vojtech
Other Authors: Dugas, Jaroslav, 1967-, Turisová, Renáta
Format: Book Chapter
Language:Slovak
Subjects:
Tags: Add Tag
No Tags, Be the first to tag this record!

MARC

LEADER 00000nla a2200000 4500
001 0164950
005 20240502072858.9
041 0 |a slo 
044 |a SK 
245 1 0 |a Techniky manažmentu inovácií  |c Vojtech Ferencz, Jaroslav Dugas, Renáta Turisová 
520 |a Príspevok hodnotí a navrhuje konkrétne riešenia pre hospodársku oblasť v oblasti inovačného správania a reinžinieringu slovenských podnikov a poskytuje základné poznatky z teórie inovačných procesov, popisuje prístupy k riadeniu tvorby a realizácii inovácií s poukázaním na nové formy - nástroje a techniky manažmentu inovácií (IMTs). 
610 2 0 |a podnik 
610 2 0 |a inovácia 
610 2 0 |a manažment inovačný 
610 2 0 |a technika riadenia 
610 2 0 |a stratégia inovačná 
610 2 0 |a manažment znalostný 
100 1 |a Ferencz, Vojtech 
700 1 |a Dugas, Jaroslav, 1967- 
700 1 |a Turisová, Renáta